| 000 | 00703nam a22002412 4500 | ||
|---|---|---|---|
| 001 | 0000003238 | ||
| 005 | 20151217151919.0 | ||
| 008 | 070502s xx 000 0 eng d | ||
| 020 | _cKES 1,950 | ||
| 040 |
_aKABU _cKABU |
||
| 050 | 0 |
_aHQ781 _b.E75 1963 |
|
| 100 | 1 |
_aErikson, Erik H. _@0000152984 |
|
| 245 | 1 | 0 |
_aChildhood and society / _cErik H. Erikson. |
| 250 | _a2nd ed. | ||
| 260 |
_aNew York : _bW. W. Norton & Company, _c1963. |
||
| 300 |
_a445 p. ; _c20 cm. |
||
| 650 | 0 |
_aChild development. _@0000148112 |
|
| 650 | 0 |
_aSocialization. _@0000152985 |
|
| 650 | 0 |
_aChild psychology. _@0000148106 |
|
| 908 | _a070502 | ||
| 950 | _@1 | ||
| 999 |
_c6299 _d6299 |
||